Sri Krishna charitam / (Record no. 64503)
[ view plain ]
| 000 -LEADER | |
|---|---|
| fixed length control field | 00431nam a22001457a 4500 |
| 005 - DATE AND TIME OF LATEST TRANSACTION | |
| control field | 20180730162023.0 |
| 020 ## - INTERNATIONAL STANDARD BOOK NUMBER | |
| International Standard Book Number | 8172763247 |
| Terms of availability | 270.00 |
| 035 ## - SYSTEM CONTROL NUMBER | |
| System control number | B-128288, b-128287, B-128291 |
| 037 ## - SOURCE OF ACQUISITION | |
| Stock number | DPL |
| Source of stock number/acquisition | ENG |
| 100 ## - MAIN ENTRY--PERSONAL NAME | |
| Personal name | Rastogi, Pratibha |
| 245 ## - TITLE STATEMENT | |
| Title | Sri Krishna charitam / |
| Statement of responsibility, etc | by Pratibha Rastogi |
| 260 ## - PUBLICATION, DISTRIBUTION, ETC. (IMPRINT) | |
| Place of publication, distribution, etc | Mumbai |
| Name of publisher, distributor, etc | Bharatiya Vidya Bhavan |
| Date of publication, distribution, etc | 2003 |
| 300 ## - PHYSICAL DESCRIPTION | |
| Extent | xiii, 330p. |
| Dimensions | 20 cms. |
| 942 ## - ADDED ENTRY ELEMENTS (KOHA) | |
| Source of classification or shelving scheme | Dewey Decimal Classification |
| Item type | English Books |
| Classification part | 230.31 |
| Call number suffix | RAS |
| Withdrawn status | Lost status | Not for loan | Collection code | Home library | Current library | Date acquired | Cost, normal purchase price | Full call number | Barcode | Cost, replacement price | Koha item type | Source of acquisition |
|---|---|---|---|---|---|---|---|---|---|---|---|---|
| Non-fiction | Patel Nagar | Patel Nagar | 29/07/2018 | 270.00 | 230.31 RAS | b-128287 | 270.00 | English Books | BPPD/Pub | |||
| Non-fiction | Sarojini Nagar | Sarojini Nagar | 29/03/2012 | 270.00 | 230.31 RAS | B-128288 | 270.00 | English Books | ||||
| Non-fiction | Shahdara Branch | Shahdara Branch | 30/07/2018 | 270.00 | 230.31 RAS | B-128291 | 270.00 | English Books | BPPD/PUB |
